000
00447nam a2200181Ia 4500
008
100917s9999 xx 000 0 und d
082
_b
44371
100
_a
वर्दे मोहिनी
245
_a
अभोगी
260
_b
अनंत प्रकाशन
_c
1980
300
_a
100
365
_b
8
520
_a
कथा
630
_a
अभोगी
650
_a
कथा
730
_a
अभोगी
942
_c
BOOK
999
_c
649765
_d
649762